01017nam a2200217Ia 4500003000400000005001700004008004100021020001800062040000900080082001900089100002400108245008100132260004800213300000900261650001200270942004400282952015200326952015200478952015200630999001700782OSt20200622095006.0190216s9999||||xx |||||||||||||| ||und|| a9780195646580 coclc a954.023bHAB/M aHabib, Irfan 92538 0aMedieval India 1 Researches In The History Of India 1200-1750 /cIrfan Habib bOxford University Press,c2011.aNew Delhi: a225p aHistory cBK2ddch954.023iHAB/Mk954.023mHAB/M 00102ddc40708HISTORYaMESbMEScHISd2019-02-20g225.00l7m6o954.023 HAB/Mp26235r2026-02-09 15:09:40s2026-01-23t3w2019-02-20yBKzGL36R3 00102ddc40708HISTORYaMESbMEScHISd2019-02-20g295.00l2m1o954.023 HAB/Mp35816r2025-02-28 13:35:53s2025-02-13t1w2019-02-20yBKzGL36R3 00102ddc40708HISTORYaMESbMEScHISd2019-02-20g325.00l6m5o954.023 HAB/Mp37157r2023-11-15 15:16:29s2023-11-14t2w2019-02-20yBKzGL36R3 c21562d21562